000 00407nam a22001697a 4500
005 20160531165209.0
008 160531b xxu||||| |||| 00| 0 eng d
020 _a978-0-7494-5583-1
041 _aeng
082 _b6493
100 _aHerold, David M & Feder, Donald B
_91623
245 _aLeading Change Management
260 _bKogan
_c2009
300 _a148
650 _aManagement
_9241
942 _cBK
999 _c2283
_d2282